000 00523nam a2200145 a 4500
003 DLC
005 20210219152747.0
035 _aUPN01000060199
245 0 0 _aEDUCATIONAL STUDIES AND DOCUMENTS
260 _aFrancia :
_bUnited Nations Educational Scientific and Cultural Organization,
_c1984
310 _aIrregular
505 0 _aTambién se publica en francés con el título ETUDES ET DOCUMENTS y en español ESTUDIOS Y DOCUMENTOS DE EDUCACION
905 _aRevista
999 _c60028
_d60028